000 01278cam a2200301 4500
001 ABS63380
008 000000n2000 000 0 eng u
035 _a(Sirsi) u110539
100 _aLavers, A.
245 _aConstruction law and environmental harm: the liability interface
260 _v2000
490 _aConstruction Management and Economics
_v18(8) December 2000, 893-902(10)
520 _aExamines the liability of construction professionals for environmental harm and considers the issues raised by some of the literature and case law designed to help those involved in property and construction with risk assessment. The topics covered include contamination, environmental protection, harm to acoustic amenity, planning law, use and removal of deleterious materials, visual or aesthetic harm, and waste and waste management. References.
590 _aABS
650 _aCASE LAW
650 _aCONSTRUCTION PROCESS
650 _aContamination
_96231
650 _aENVIRONMENTAL LAW
650 _aENVIRONMENTAL LIABILITY
650 _aENVIRONMENTAL PROTECTION
650 _aPLANNING LAW
650 _aPOLLUTION
650 _aWASTE
650 _aWASTE MANAGEMENT
690 _aBUILDING AND CONSTRUCTION-LAW
700 _aShiers, D.
942 _n0
999 _c65894
_d65894